000
00282nam a2200109Ia 4500
008
220204s9999 xx 000 0 und d
082
_a
691.3:620.1
_b
MAL
100
_a
Malhotra, V M
245
0
_a
Testing hardened concrete
260
_a
Iowa
_b
Iowa State University
_c
1976
942
_c
BK
999
_c
29926
_d
29926